000 00537nam a2200205Ia 4500
003 GCL
008 140319s9999 xx 000 0 eng d
040 _aGCL /
_cGCL
082 0 4 _a970.01
_bC U
100 1 _aCONKEY, MARGARETW.
245 1 0 _aTHE USES OF STYLE IN ARCHAEOLOGY /
_cCONKEY, MARGARETW.
260 _a[S.N] :
_bCAMBRIDGE UNIVERSITY PRESS ،
_c1989
300 _a124 P
650 0 4 _aTHEMES - MOTIVES
650 0 4 _aCONGRESSES
650 0 4 _aPOTTERY
650 0 4 _aINDIANS
650 0 4 _aMOGOLLAN CULUTRE
942 _2ddc
_cBK
999 _c24646
_d24646